Právne prostredie na úseku krízového riadenia v podmienkach Slovenskej republiky
Objasnenie a zhrnutie problematiky krízového manažmentu vo verejnom sektore. Autori rozoberajú väzby a vzťahy medzi vybranými orgánmi a inštitúciami v systéme krízového manažmentu. Dôraz sa kladie na ich kompetencie a úlohy.
Saved in:
| Main Author: | |
|---|---|
| Other Authors: | |
| Format: | Book Chapter |
| Language: | Slovak |
| Subjects: | |
| Tags: |
No Tags, Be the first to tag this record!
|
MARC
| LEADER | 00000naa a2200000 4500 | ||
|---|---|---|---|
| 001 | 0307021 | ||
| 005 | 20250214141736.9 | ||
| 041 | 0 | |a slo | |
| 044 | |a SK | ||
| 245 | 1 | 0 | |a Právne prostredie na úseku krízového riadenia v podmienkach Slovenskej republiky |c Daniel Brezina, Ivona Ondrejková |
| 520 | |a Objasnenie a zhrnutie problematiky krízového manažmentu vo verejnom sektore. Autori rozoberajú väzby a vzťahy medzi vybranými orgánmi a inštitúciami v systéme krízového manažmentu. Dôraz sa kladie na ich kompetencie a úlohy. | ||
| 610 | 2 | 0 | |a Slovensko |
| 610 | 2 | 0 | |a právo |
| 610 | 2 | 0 | |a legislatíva |
| 610 | 2 | 0 | |a zákony |
| 610 | 2 | 0 | |a riadenie |
| 610 | 2 | 0 | |a kríza |
| 100 | 1 | |a Brezina, Daniel | |
| 700 | 1 | |a Ondrejková, Ivona | |